[Event "Mitropa Cup 28th"]
[Site "Rogaska Slatina"]
[Date "2009.05.16"]
[Round "8"]
[White "Vitoux, Colomban"]
[Black "Schiendorfer, Emanuel"]
[Result "1/2-1/2"]
[WhiteElo "2446"]
[BlackElo "2274"]
[PlyCount "100"]
[EventDate "2009.05.09"]
[EventType "team-tourn"]
[EventRounds "9"]
[EventCountry "SLO"]
[Source "ChessBase"]
[SourceDate "2009.07.02"]
[WhiteTeam "France"]
[BlackTeam "Switzerland"]
[WhiteTeamCountry "FRA"]
[BlackTeamCountry "SUI"]

1. e4 c5 2. Nf3 d6 3. d4 cxd4 4. Nxd4 Nf6 5. Nc3 a6 6. Bg5 e6 7. f4 Nbd7 8. Qf3
Qc7 9. O-O-O b5 10. Bd3 Bb7 11. Rhe1 Qb6 12. Bf1 Be7 13. Qh3 O-O-O 14. f5 e5
15. Nb3 h6 16. Be3 Qc7 17. Qf3 Nc5 18. Nxc5 dxc5 19. a4 Qa5 20. axb5 axb5 21.
Kb1 c4 22. Qf2 Nxe4 23. Nxe4 Bxe4 24. Bb6 Bxc2+ 25. Qxc2 Qxb6 26. Rxe5 Bf6 27.
Red5 Rxd5 28. Rxd5 Re8 29. Rd1 Rd8 30. Be2 Rxd1+ 31. Qxd1 Qc5 32. Qc2 Qg1+ 33.
Bd1 Qd4 34. Bf3 Kc7 35. h3 Kb6 36. Be2 Kc5 37. Bf1 Kd5 38. Qe2 Qe4+ 39. Qxe4+
Kxe4 40. b3 Kd4 41. bxc4 bxc4 42. Kc2 Bg5 43. Be2 f6 44. Bf3 Bh4 45. Bc6 Bg3
46. Bd7 Be1 47. Bc8 Ke3 48. Bd7 Kf4 49. Bc8 c3 50. Bd7 Kg3 1/2-1/2

[Event "Mitropa Cup 28th"]
[Site "Rogaska Slatina"]
[Date "2009.05.16"]
[Round "8"]
[White "Jurcik, Marian"]
[Black "Borisek, Jure"]
[Result "1/2-1/2"]
[WhiteElo "2468"]
[BlackElo "2581"]
[PlyCount "89"]
[EventDate "2009.05.09"]
[EventType "team-tourn"]
[EventRounds "9"]
[EventCountry "SLO"]
[Source "ChessBase"]
[SourceDate "2009.07.02"]
[WhiteTeam "Slovakia"]
[BlackTeam "Slovenia"]
[WhiteTeamCountry "SVK"]
[BlackTeamCountry "SLO"]

1. e4 e5 2. Nf3 Nc6 3. Bb5 a6 4. Ba4 Nf6 5. O-O Be7 6. Re1 b5 7. Bb3 d6 8. c3
O-O 9. h3 Nb8 10. d4 Nbd7 11. Nbd2 Bb7 12. Bc2 Re8 13. Nf1 Bf8 14. Ng3 c6 15.
a4 Qc7 16. Be3 Rad8 17. axb5 axb5 18. Qb1 Ra8 19. b4 Rxa1 20. Qxa1 c5 21. bxc5
dxc5 22. dxe5 Nxe5 23. Nxe5 Qxe5 24. f4 Qe6 25. e5 Qc6 26. Re2 Nd5 27. Bd2 c4
28. Qb1 h6 29. Be4 Rc8 30. Kh2 b4 31. cxb4 c3 32. Bc1 Ba6 33. Ra2 Bb5 34. Nf5
Qc4 35. Nd6 Bxd6 36. exd6 Nxb4 37. Ra5 Bc6 38. Bxc6 Nxc6 39. Ra2 Rd8 40. Qc2
Nd4 41. Ra4 Qb3 42. Qxb3 Nxb3 43. Ba3 c2 44. Rc4 c1=Q 45. Bxc1 1/2-1/2

[Event "Mitropa Cup 28th"]
[Site "Rogaska Slatina"]
[Date "2009.05.16"]
[Round "8"]
[White "Lenic, Luka"]
[Black "Michalik, Peter"]
[Result "1-0"]
[WhiteElo "2574"]
[BlackElo "2409"]
[PlyCount "137"]
[EventDate "2009.05.09"]
[EventType "team-tourn"]
[EventRounds "9"]
[EventCountry "SLO"]
[Source "ChessBase"]
[SourceDate "2009.07.02"]
[WhiteTeam "Slovenia"]
[BlackTeam "Slovakia"]
[WhiteTeamCountry "SLO"]
[BlackTeamCountry "SVK"]

1. d4 d5 2. c4 c6 3. Nf3 Nf6 4. e3 e6 5. b3 Nbd7 6. Bd3 Bd6 7. Bb2 O-O 8. Nbd2
Qe7 9. Ne5 c5 10. O-O b6 11. Qc2 Bb7 12. cxd5 exd5 13. Nxd7 Nxd7 14. Bxh7+ Kh8
15. Bf5 Nf6 16. Qd1 Bc8 17. Qf3 Bxf5 18. Qxf5 Qe6 19. Qg5 Be7 20. dxc5 bxc5 21.
Nf3 Kg8 22. Rfd1 Rfd8 23. Rac1 a5 24. Qf4 Ne4 25. Qe5 Nf6 26. Qf4 Ne4 27. Qe5
Nf6 28. Ng5 Qxe5 29. Bxe5 a4 30. Bxf6 Bxf6 31. Nf3 axb3 32. axb3 Ra5 33. Kf1
Kf8 34. Ne1 Rb5 35. Nd3 Be7 36. Rc2 d4 37. Nc1 dxe3 38. Rxd8+ Bxd8 39. fxe3 Ke7
40. Ke2 Ke6 41. Ra2 Bc7 42. h3 Rb8 43. Kd3 Kd5 44. Ra7 Kc6 45. Ra6+ Kb5 46. Ra4
Kc6 47. Rc4 Kb5 48. Re4 Bd6 49. Rg4 Be5 50. Ra4 Bf6 51. Ra7 Rd8+ 52. Ke2 Rf8
53. Nd3 c4 54. bxc4+ Kxc4 55. Ra5 Rc8 56. Ne5+ Bxe5 57. Rxe5 Rc6 58. Rf5 Rc7
59. h4 Rd7 60. g4 Re7 61. Kf3 Rd7 62. h5 Ra7 63. Kf4 Kd3 64. Rd5+ Ke2 65. g5
Ra1 66. Rb5 Rf1+ 67. Ke4 Ra1 68. Rb2+ Ke1 69. Rh2 1-0

[Event "Mitropa Cup 28th"]
[Site "Rogaska Slatina"]
[Date "2009.05.16"]
[Round "8"]
[White "Pavasovic, Dusko"]
[Black "Macak, Stefan"]
[Result "1-0"]
[WhiteElo "2607"]
[BlackElo "2494"]
[PlyCount "135"]
[EventDate "2009.05.09"]
[EventType "team-tourn"]
[EventRounds "9"]
[EventCountry "SLO"]
[Source "ChessBase"]
[SourceDate "2009.07.02"]
[WhiteTeam "Slovenia"]
[BlackTeam "Slovakia"]
[WhiteTeamCountry "SLO"]
[BlackTeamCountry "SVK"]

1. e4 e6 2. d4 d5 3. Nd2 Nf6 4. e5 Nfd7 5. c3 c5 6. Bd3 Nc6 7. Ngf3 cxd4 8.
cxd4 Nb6 9. O-O Bd7 10. Nb1 Be7 11. Nc3 a5 12. a3 a4 13. Bc2 Ra5 14. Rb1 Na7
15. Bd2 Nb5 16. Nxb5 Rxb5 17. Bc3 O-O 18. Nd2 Qc7 19. Rc1 Rc8 20. Qe2 Kh8 21.
h3 Qc6 22. Qf3 Be8 23. Bd3 Nc4 24. Nxc4 dxc4 25. Be4 Qd7 26. Rcd1 Rd8 27. Qe2
Qc8 28. f4 f5 29. exf6 Bxf6 30. Qc2 Rh5 31. Kh2 Bc6 32. Qe2 Be8 33. Bf3 Rb5 34.
Bg4 Bf7 35. Rfe1 Rd6 36. Qc2 Rbd5 37. Bf3 Rf5 38. Be4 Rxf4 39. g3 Rxe4 40. Qxe4
Rd5 41. Rd2 Qd7 42. Rf2 Kg8 43. Qf4 Qd6 44. Re5 h6 45. Rxd5 Qxf4 46. Rd8+ Bxd8
47. Rxf4 Be8 48. Re4 Kf7 49. Re5 Bc6 50. Rc5 Bd5 51. Rb5 Bc6 52. Rc5 Bd5 53.
Rc8 Bf6 54. Kg1 Kg6 55. Ra8 Bc6 56. Ra5 h5 57. h4 Bd8 58. Ra8 Bf6 59. Rh8 Be7
60. Kf2 Bf6 61. Ke3 Bd5 62. Be1 e5 63. Bc3 exd4+ 64. Bxd4 Be7 65. Rc8 b5 66.
Rc7 Bf8 67. Bc5 Bxc5+ 68. Rxc5 1-0

[Event "Mitropa Cup 28th"]
[Site "Rogaska Slatina"]
[Date "2009.05.16"]
[Round "8"]
[White "Plachetka, Jan"]
[Black "Skoberne, Jure"]
[Result "0-1"]
[WhiteElo "2389"]
[BlackElo "2471"]
[PlyCount "91"]
[EventDate "2009.05.09"]
[EventType "team-tourn"]
[EventRounds "9"]
[EventCountry "SLO"]
[Source "ChessBase"]
[SourceDate "2009.07.02"]
[WhiteTeam "Slovakia"]
[BlackTeam "Slovenia"]
[WhiteTeamCountry "SVK"]
[BlackTeamCountry "SLO"]

1. d4 d6 2. e4 Nf6 3. Nc3 g6 4. Be3 c6 5. h3 Nbd7 6. f4 b5 7. a3 e5 8. Qf3 Bb7
9. Rd1 Qe7 10. dxe5 dxe5 11. f5 b4 12. axb4 Qxb4 13. Bd2 h5 14. fxg6 fxg6 15.
Nb5 Qxe4+ 16. Qxe4 Nxe4 17. Nc7+ Ke7 18. Nxa8 Nxd2 19. Rxd2 Bh6 20. Rf2 Rxa8
21. Bd3 c5 22. Bxg6 Rg8 23. Bxh5 Nf6 24. Bg4 Ne4 25. Rf5 Bd2+ 26. Kd1 Bf4 27.
Rxf4 exf4 28. Ke1 Ng3 29. Rh2 Be4 30. Ne2 Nxe2 31. Kxe2 Rb8 32. Bf3 Bh7 33. Kd2
Rxb2 34. Bd1 a5 35. h4 f3 36. gxf3 a4 37. Rg2 Kf6 38. Rg4 a3 39. Kc1 Rb4 40.
Rxb4 cxb4 41. Be2 Ke5 42. Bd3 Bxd3 43. cxd3 b3 44. h5 Kd4 45. h6 Kc3 46. f4 0-1

[Event "Mitropa Cup 28th"]
[Site "Rogaska Slatina"]
[Date "2009.05.17"]
[Round "9"]
[White "Borisek, Jure"]
[Black "Neubauer, Martin"]
[Result "0-1"]
[WhiteElo "2581"]
[BlackElo "2414"]
[PlyCount "94"]
[EventDate "2009.05.09"]
[EventType "team-tourn"]
[EventRounds "9"]
[EventCountry "SLO"]
[Source "ChessBase"]
[SourceDate "2009.07.02"]
[WhiteTeam "Slovenia"]
[BlackTeam "Austria"]
[WhiteTeamCountry "SLO"]
[BlackTeamCountry "AUT"]

1. e4 e5 2. Nf3 Nc6 3. Bb5 Nf6 4. O-O Nxe4 5. d4 Nd6 6. Bxc6 dxc6 7. dxe5 Nf5
8. Qxd8+ Kxd8 9. Nc3 Ke8 10. h3 h5 11. Ne4 Be7 12. Re1 Be6 13. Bg5 Rd8 14. c3
h4 15. a3 b6 16. Bxe7 Kxe7 17. Neg5 Rd3 18. Nxe6 Kxe6 19. Re4 Rhd8 20. Rae1 Rd1
21. Kf1 c5 22. Nd4+ R1xd4 23. cxd4 cxd4 24. Ke2 c5 25. Kd3 b5 26. b3 Rc8 27.
Rb1 c4+ 28. bxc4 bxc4+ 29. Kc2 Rc5 30. Rb4 Kd5 31. Re1 d3+ 32. Kc3 Nd4 33. Rb7
Ne2+ 34. Kd2 Kd4 35. Rd7+ Rd5 36. Rxd5+ Kxd5 37. Ke3 Nd4 38. Kd2 Nc2 39. Rb1
Kd4 40. Rb7 c3+ 41. Kd1 Nxa3 42. Rd7+ Ke4 43. Rc7 Nb5 44. Rxf7 Nd4 45. Rc7 c2+
46. Kc1 Kxe5 47. Rc3 Ne2+ 0-1

[Event "Mitropa Cup 28th"]
[Site "Rogaska Slatina"]
[Date "2009.05.17"]
[Round "9"]
[White "Kreisl, Robert"]
[Black "Lenic, Luka"]
[Result "1-0"]
[WhiteElo "2389"]
[BlackElo "2574"]
[PlyCount "61"]
[EventDate "2009.05.09"]
[EventType "team-tourn"]
[EventRounds "9"]
[EventCountry "SLO"]
[Source "ChessBase"]
[SourceDate "2009.07.02"]
[WhiteTeam "Austria"]
[BlackTeam "Slovenia"]
[WhiteTeamCountry "AUT"]
[BlackTeamCountry "SLO"]

1. e4 c5 2. Nf3 Nc6 3. d4 cxd4 4. Nxd4 g6 5. Nc3 Bg7 6. Be3 Nf6 7. Bc4 Qa5 8.
O-O O-O 9. Bb3 d6 10. h3 Bd7 11. Re1 Rac8 12. Qe2 Rfe8 13. Rad1 a6 14. Nd5 Nb4
15. Qd2 Nfxd5 16. exd5 Rc5 17. Nf3 Bxb2 18. Bxc5 Qxc5 19. c4 Ba3 20. Qh6 f6 21.
Rd4 Bf5 22. Rh4 g5 23. Nd4 Qc8 24. g4 Bg6 25. Ne6 Qxe6 26. Rxe6 Nd3 27. Ba4 b5
28. cxb5 Nc5 29. b6 Nxa4 30. b7 Kf7 31. Qxh7+ 1-0

[Event "Mitropa Cup 28th"]
[Site "Rogaska Slatina"]
[Date "2009.05.17"]
[Round "9"]
[White "Skoberne, Jure"]
[Black "Pilaj, Herwig"]
[Result "1-0"]
[WhiteElo "2471"]
[BlackElo "2373"]
[PlyCount "85"]
[EventDate "2009.05.09"]
[EventType "team-tourn"]
[EventRounds "9"]
[EventCountry "SLO"]
[Source "ChessBase"]
[SourceDate "2009.07.02"]
[WhiteTeam "Slovenia"]
[BlackTeam "Austria"]
[WhiteTeamCountry "SLO"]
[BlackTeamCountry "AUT"]

1. e4 c5 2. c3 e6 3. Nf3 d5 4. exd5 exd5 5. d4 Nc6 6. Bb5 Bd6 7. dxc5 Bxc5 8.
O-O Nge7 9. Nbd2 O-O 10. Nb3 Bd6 11. Bd3 h6 12. h3 Nf5 13. Bc2 Re8 14. Qd3 g6
15. Bd2 Be6 16. Rae1 Qb6 17. g4 Ng3 18. Be3 d4 19. fxg3 dxe3 20. Qxd6 Bc4 21.
Qf4 Bxf1 22. Kxf1 Kg7 23. Bd3 Re7 24. Re2 Rae8 25. Nbd4 Qa5 26. a3 Nxd4 27.
Nxd4 Qd5 28. Qf3 Qa2 29. Kg2 Qa1 30. Bb5 Rd8 31. Ba4 Rd6 32. Qf1 Qxf1+ 33. Kxf1
Re5 34. Kg2 a6 35. Nc2 Rde6 36. Bb3 Rb6 37. Nd4 a5 38. a4 Rd6 39. Bc4 b6 40.
Nc2 Rd2 41. Kf3 Rd6 42. Nxe3 Rf6+ 43. Nf5+ 1-0

[Event "Mitropa Cup 28th"]
[Site "Rogaska Slatina"]
[Date "2009.05.17"]
[Round "9"]
[White "Cossin, Sebastien"]
[Black "Bosiocic, Marin"]
[Result "0-1"]
[WhiteElo "2471"]
[BlackElo "2571"]
[PlyCount "138"]
[EventDate "2009.05.09"]
[EventType "team-tourn"]
[EventRounds "9"]
[EventCountry "SLO"]
[Source "ChessBase"]
[SourceDate "2009.07.02"]
[WhiteTeam "France"]
[BlackTeam "Croatia"]
[WhiteTeamCountry "FRA"]
[BlackTeamCountry "CRO"]

1. d4 f5 2. g3 g6 3. Bg2 Bg7 4. Nf3 Nh6 5. Nc3 d5 6. Bf4 Nf7 7. Ne5 c6 8. Nxf7
Kxf7 9. Qd2 Nd7 10. Bh6 Bf6 11. Bg5 Bg7 12. Bh6 Bf6 13. Bg5 e5 14. Bxf6 Qxf6
15. e3 e4 16. Ne2 Qd6 17. b3 Nf6 18. c4 Be6 19. c5 Qc7 20. b4 a5 21. a4 axb4
22. Qxb4 Rhb8 23. Qd2 g5 24. Ra2 Ra6 25. O-O h5 26. Rb1 Rg8 27. a5 Bc8 28. f4
exf3 29. Bxf3 Ne4 30. Qe1 Ke7 31. Kh1 Rh8 32. Rb6 Ra7 33. Kg1 Rh7 34. Rab2 Kd8
35. Bg2 Nf6 36. h4 gxh4 37. gxh4 Re7 38. R2b3 Ng4 39. Qg3 Rxa5 40. Nf4 Ra1+ 41.
Bf1 Nf6 42. Qg5 Rg7 43. Ng6 Qf7 44. Rxb7 Bxb7 45. Rxb7 Qxb7 46. Qxf6+ Qe7 47.
Qxe7+ Rxe7 48. Nxe7 Kxe7 49. Kf2 f4 50. Be2 fxe3+ 51. Kxe3 Rh1 52. Bxh5 Rxh4
53. Bd1 Rh3+ 54. Kd2 Ra3 55. Bg4 Ra7 56. Ke3 Kf6 57. Kf4 Rh7 58. Bc8 Rh4+ 59.
Bg4 Kg6 60. Kf3 Rh7 61. Kf4 Re7 62. Bf5+ Kf6 63. Bc2 Re1 64. Ba4 Re4+ 65. Kf3
Rxd4 66. Bxc6 Ke5 67. Bd7 Re4 68. Bb5 Kd4 69. c6 Re7 0-1

[Event "Mitropa Cup 28th"]
[Site "Rogaska Slatina"]
[Date "2009.05.17"]
[Round "9"]
[White "Jovanovic, Zoran2"]
[Black "Terrieux, Kevin"]
[Result "1/2-1/2"]
[WhiteElo "2525"]
[BlackElo "2449"]
[PlyCount "75"]
[EventDate "2009.05.09"]
[EventType "team-tourn"]
[EventRounds "9"]
[EventCountry "SLO"]
[Source "ChessBase"]
[SourceDate "2009.07.02"]
[WhiteTeam "Croatia"]
[BlackTeam "France"]
[WhiteTeamCountry "CRO"]
[BlackTeamCountry "FRA"]

1. e4 c5 2. Nf3 Nc6 3. Bb5 g6 4. O-O Bg7 5. Re1 Nf6 6. e5 Nd5 7. Nc3 Nc7 8.
Bxc6 dxc6 9. Ne4 Ne6 10. d3 O-O 11. Be3 b6 12. Qd2 a5 13. Bh6 f5 14. exf6 exf6
15. Bxg7 Kxg7 16. Ng3 Ra7 17. Re4 Re8 18. Rae1 Rae7 19. h4 Nd4 20. Nxd4 Rxe4
21. Rxe4 Rxe4 22. Nxc6 Qd6 23. Nxe4 Qxc6 24. Qf4 Bf5 25. h5 Bxe4 26. h6+ Kf7
27. Qxe4 Qxe4 28. dxe4 g5 29. g4 Kg6 30. Kg2 Kxh6 31. a4 Kg6 32. Kf3 Kg7 33. e5
fxe5 34. Ke4 Kg6 35. Kxe5 h5 36. gxh5+ Kxh5 37. Ke4 Kh4 38. b3 1/2-1/2

[Event "Mitropa Cup 28th"]
[Site "Rogaska Slatina"]
[Date "2009.05.17"]
[Round "9"]
[White "Martinovic, Sasa"]
[Black "Vitoux, Colomban"]
[Result "1-0"]
[WhiteElo "2483"]
[BlackElo "2446"]
[PlyCount "65"]
[EventDate "2009.05.09"]
[EventType "team-tourn"]
[EventRounds "9"]
[EventCountry "SLO"]
[Source "ChessBase"]
[SourceDate "2009.07.02"]
[WhiteTeam "Croatia"]
[BlackTeam "France"]
[WhiteTeamCountry "CRO"]
[BlackTeamCountry "FRA"]

1. d4 Nf6 2. Bg5 e6 3. e4 c5 4. d5 d6 5. Nc3 Be7 6. Bb5+ Bd7 7. Bxd7+ Qxd7 8.
Nf3 h6 9. Bh4 e5 10. a4 g6 11. O-O Nh5 12. Bg3 Bg5 13. Nxe5 dxe5 14. Bxe5 O-O
15. f4 Bf6 16. Bxf6 Nxf6 17. e5 Nh7 18. Ne4 c4 19. Ra3 Na6 20. Rh3 f5 21. Nd6
Rad8 22. Qd4 Qg7 23. Nxc4 Nc7 24. Ne3 g5 25. Qc4 Kh8 26. d6 Ne8 27. Qe6 Qg8 28.
Qe7 Nef6 29. exf6 Rf7 30. Qe5 Qg6 31. Nxf5 Qxf6 32. Nxh6 Rff8 33. Qxf6+ 1-0

[Event "Mitropa Cup 28th"]
[Site "Rogaska Slatina"]
[Date "2009.05.17"]
[Round "9"]
[White "Philippe, Christophe"]
[Black "Saric, Ante"]
[Result "0-1"]
[WhiteElo "2435"]
[BlackElo "2502"]
[PlyCount "56"]
[EventDate "2009.05.09"]
[EventType "team-tourn"]
[EventRounds "9"]
[EventCountry "SLO"]
[Source "ChessBase"]
[SourceDate "2009.07.02"]
[WhiteTeam "France"]
[BlackTeam "Croatia"]
[WhiteTeamCountry "FRA"]
[BlackTeamCountry "CRO"]

1. e4 c5 2. Nf3 e6 3. d4 cxd4 4. Nxd4 a6 5. Nc3 b5 6. Bd3 Bb7 7. Qe2 Nc6 8.
Nxc6 Bxc6 9. O-O Qb8 10. f4 Bc5+ 11. Kh1 b4 12. Nd1 Ne7 13. Nf2 Qb7 14. Ng4 d5
15. e5 Bb5 16. Be3 Rc8 17. Bxc5 Rxc5 18. a3 bxa3 19. Rxa3 Bxd3 20. cxd3 O-O 21.
d4 Qb5 22. Qd1 Rc2 23. Re1 Qxb2 24. Rh3 Rfc8 25. Nf6+ gxf6 26. Qh5 Rc1 27.
Qxh7+ Kf8 28. Qh8+ Ng8 0-1

[Event "Mitropa Cup 28th"]
[Site "Rogaska Slatina"]
[Date "2009.05.17"]
[Round "9"]
[White "Ekstroem, Roland"]
[Black "Kanovsky, David"]
[Result "1-0"]
[WhiteElo "2481"]
[BlackElo "2473"]
[PlyCount "39"]
[EventDate "2009.05.09"]
[EventType "team-tourn"]
[EventRounds "9"]
[EventCountry "SLO"]
[Source "ChessBase"]
[SourceDate "2009.07.02"]
[WhiteTeam "Switzerland"]
[BlackTeam "Czech Republic"]
[WhiteTeamCountry "SUI"]
[BlackTeamCountry "CZE"]

1. Nf3 g6 2. e4 Bg7 3. d4 c5 4. d5 d6 5. Be2 Nf6 6. Nc3 O-O 7. O-O e6 8. h3 Re8
9. Bb5 Re7 10. dxe6 Bxe6 11. e5 Ne8 12. Bg5 f6 13. exf6 Nxf6 14. Re1 Nc6 15.
Ne4 Qf8 16. Nxf6+ Bxf6 17. Bxc6 bxc6 18. Bxf6 Qxf6 19. Qxd6 Rf8 20. Re5 1-0

[Event "Mitropa Cup 28th"]
[Site "Rogaska Slatina"]
[Date "2009.05.17"]
[Round "9"]
[White "Gaehwiler, Gabriel"]
[Black "Konopka, Michal"]
[Result "0-1"]
[WhiteElo "2226"]
[BlackElo "2450"]
[PlyCount "58"]
[EventDate "2009.05.09"]
[EventType "team-tourn"]
[EventRounds "9"]
[EventCountry "SLO"]
[Source "ChessBase"]
[SourceDate "2009.07.02"]
[WhiteTeam "Switzerland"]
[BlackTeam "Czech Republic"]
[WhiteTeamCountry "SUI"]
[BlackTeamCountry "CZE"]

1. e4 Nf6 2. e5 Nd5 3. d4 d6 4. Nf3 Nb6 5. c4 g6 6. Nc3 Bg7 7. exd6 cxd6 8. h3
O-O 9. Be3 Nc6 10. Qd2 d5 11. cxd5 Nxd5 12. Bh6 Nxc3 13. bxc3 e6 14. h4 Bxh6
15. Qxh6 f6 16. Bc4 Bd7 17. Rb1 Na5 18. Bd3 Rf7 19. O-O Rc8 20. c4 Bc6 21. h5
Bxf3 22. hxg6 hxg6 23. Bxg6 Rg7 24. gxf3 Rxc4 25. Rb5 f5 26. Kh1 Qxd4 27. Kh2
Qh4+ 28. Qxh4 Rxh4+ 29. Kg3 Ra4 0-1

[Event "Mitropa Cup 28th"]
[Site "Rogaska Slatina"]
[Date "2009.05.17"]
[Round "9"]
[White "Petr, Martin"]
[Black "Jenni, Florian"]
[Result "1-0"]
[WhiteElo "2460"]
[BlackElo "2516"]
[PlyCount "103"]
[EventDate "2009.05.09"]
[EventType "team-tourn"]
[EventRounds "9"]
[EventCountry "SLO"]
[Source "ChessBase"]
[SourceDate "2009.07.02"]
[WhiteTeam "Czech Republic"]
[BlackTeam "Switzerland"]
[WhiteTeamCountry "CZE"]
[BlackTeamCountry "SUI"]

1. e4 e5 2. f4 exf4 3. Nf3 g5 4. h4 g4 5. Ne5 Nf6 6. Bc4 d5 7. exd5 Bg7 8. d4
Nh5 9. Nc3 O-O 10. Ne2 Qe7 11. O-O f3 12. gxf3 Qxh4 13. Nxg4 Bxg4 14. fxg4
Qxg4+ 15. Kh2 Kh8 16. Qd3 Nd7 17. Qf5 Ndf6 18. Qxg4 Nxg4+ 19. Kh3 f5 20. Bd2
Rae8 21. Rf3 Bh6 22. Bxh6 Nxh6 23. Raf1 Nf6 24. Ng3 Nfg4 25. Bb5 Re3 26. Bd7
Rxf3 27. Rxf3 Nf6 28. Be6 b5 29. Kh4 Ne8 30. Kg5 Rf6 31. Nxf5 Nxf5 32. Rxf5 Kg7
33. Rxf6 Nxf6 34. c3 Ne4+ 35. Kf4 Nd6 36. Bg4 Kf6 37. Be2 a5 38. Bd3 a4 39.
Bxh7 b4 40. cxb4 Nc4 41. d6 cxd6 42. Ke4 Nb6 43. Bg8 Ke7 44. a3 Kd7 45. Ba2 Kc6
46. d5+ Kb5 47. Kd4 Na8 48. Bc4+ Kb6 49. b3 axb3 50. Bxb3 Kb5 51. Kc3 Nb6 52.
a4+ 1-0

[Event "Mitropa Cup 28th"]
[Site "Rogaska Slatina"]
[Date "2009.05.17"]
[Round "9"]
[White "Jurcik, Marian"]
[Black "Berczes, David"]
[Result "1-0"]
[WhiteElo "2468"]
[BlackElo "2513"]
[PlyCount "59"]
[EventDate "2009.05.09"]
[EventType "team-tourn"]
[EventRounds "9"]
[EventCountry "SLO"]
[Source "ChessBase"]
[SourceDate "2009.07.02"]
[WhiteTeam "Slovakia"]
[BlackTeam "Hungary"]
[WhiteTeamCountry "SVK"]
[BlackTeamCountry "HUN"]

1. e4 c5 2. Nf3 Nc6 3. d4 cxd4 4. Nxd4 Nf6 5. Nc3 e5 6. Ndb5 d6 7. Bg5 a6 8.
Na3 b5 9. Nd5 Be7 10. Bxf6 Bxf6 11. c4 O-O 12. cxb5 Nd4 13. b6 Bb7 14. Bc4 Rb8
15. O-O Bg5 16. b3 Bh6 17. Nc2 Ne6 18. a4 Nc5 19. a5 Nxe4 20. Ncb4 Nd2 21. Bxa6
Bxd5 22. Nxd5 e4 23. Bc4 Qg5 24. Kh1 g6 25. a6 Bg7 26. a7 Be5 27. axb8=Q Rxb8
28. Ra2 Bxh2 29. Rxd2 Be5 30. g3 1-0

[Event "Mitropa Cup 28th"]
[Site "Rogaska Slatina"]
[Date "2009.05.17"]
[Round "9"]
[White "Papp, Gabor"]
[Black "Macak, Stefan"]
[Result "0-1"]
[WhiteElo "2524"]
[BlackElo "2494"]
[PlyCount "76"]
[EventDate "2009.05.09"]
[EventType "team-tourn"]
[EventRounds "9"]
[EventCountry "SLO"]
[Source "ChessBase"]
[SourceDate "2009.07.02"]
[WhiteTeam "Hungary"]
[BlackTeam "Slovakia"]
[WhiteTeamCountry "HUN"]
[BlackTeamCountry "SVK"]

1. e4 e6 2. d4 d5 3. Nd2 Nf6 4. e5 Nfd7 5. f4 c5 6. c3 Nc6 7. Ndf3 Qb6 8. a3 a5
9. b3 cxd4 10. cxd4 Be7 11. h4 h5 12. Nh3 f5 13. exf6 Nxf6 14. Bd3 Bd7 15. Nhg5
O-O-O 16. Bb2 Rhf8 17. g3 Bd6 18. Rc1 Kb8 19. O-O Ng4 20. Re1 e5 21. Rxc6 Qxc6
22. fxe5 Be7 23. e6 Be8 24. Bc1 Rc8 25. Kg2 Rf6 26. Qe2 Bg6 27. Bf4+ Ka7 28.
Rc1 Qe8 29. Qd2 Bxd3 30. Rxc8 Qxc8 31. Qxd3 Qc6 32. Qh7 Rf8 33. Qxg7 Qc2+ 34.
Bd2 Rxf3 35. Nxf3 Qd3 36. Qxe7 Qe2+ 37. Kg1 Qf2+ 38. Kh1 Qxf3+ 0-1

[Event "Mitropa Cup 28th"]
[Site "Rogaska Slatina"]
[Date "2009.05.17"]
[Round "9"]
[White "Prohaszka, Peter"]
[Black "Michalik, Peter"]
[Result "1/2-1/2"]
[WhiteElo "2511"]
[BlackElo "2409"]
[PlyCount "121"]
[EventDate "2009.05.09"]
[EventType "team-tourn"]
[EventRounds "9"]
[EventCountry "SLO"]
[Source "ChessBase"]
[SourceDate "2009.07.02"]
[WhiteTeam "Hungary"]
[BlackTeam "Slovakia"]
[WhiteTeamCountry "HUN"]
[BlackTeamCountry "SVK"]

1. d4 Nf6 2. c4 e6 3. Nc3 d5 4. Nf3 Be7 5. g3 O-O 6. Bg2 dxc4 7. Ne5 c5 8. dxc5
Qxd1+ 9. Nxd1 Bxc5 10. O-O Nc6 11. Nxc4 Nd4 12. Be3 Nd5 13. Bxd4 Bxd4 14. Nde3
Nxe3 15. fxe3 Bc5 16. a3 a5 17. Rad1 Ra7 18. Kf2 b6 19. Ne5 Rc7 20. Rd2 f6 21.
Nd3 Rd8 22. Rc1 Ba6 23. b4 Rxd3 24. Rxd3 Bxd3 25. bxc5 Ba6 26. c6 Kf7 27. a4 b5
28. axb5 Bxb5 29. Rc5 Ba6 30. Rxa5 Bc4 31. Rh5 h6 32. Rc5 Bd5 33. Bxd5 exd5 34.
e4 dxe4 35. Ke3 Ke6 36. Kxe4 g6 37. h4 h5 38. Rc3 Kd6 39. Rf3 Ke6 40. Rc3 Kd6
41. Rd3+ Ke6 42. Rd7 Rxc6 43. Rg7 Rc4+ 44. Kf3 Rg4 45. Ra7 Rb4 46. e3 Rc4 47.
Rg7 Rg4 48. Rg8 Kf7 49. Rd8 Ra4 50. Rd7+ Ke6 51. Rc7 Rb4 52. Rc6+ Kf7 53. Rc3
Ra4 54. e4 Ke6 55. Kf4 Kf7 56. Rc7+ Kf8 57. Rb7 Rc4 58. Rb3 Kg7 59. Ra3 Rb4 60.
Ra7+ Kf8 61. Ra3 1/2-1/2

[Event "Mitropa Cup 28th"]
[Site "Rogaska Slatina"]
[Date "2009.05.17"]
[Round "9"]
[White "Vavrak, Peter"]
[Black "Erdos, Viktor"]
[Result "0-1"]
[WhiteElo "2487"]
[BlackElo "2581"]
[PlyCount "66"]
[EventDate "2009.05.09"]
[EventType "team-tourn"]
[EventRounds "9"]
[EventCountry "SLO"]
[Source "ChessBase"]
[SourceDate "2009.07.02"]
[WhiteTeam "Slovakia"]
[BlackTeam "Hungary"]
[WhiteTeamCountry "SVK"]
[BlackTeamCountry "HUN"]

1. d4 Nf6 2. c4 e6 3. Nf3 c5 4. e3 a6 5. Nc3 d5 6. a3 dxc4 7. Bxc4 b5 8. Ba2
Bb7 9. O-O Nbd7 10. Qe2 Qb8 11. Rd1 Bd6 12. dxc5 Nxc5 13. h3 O-O 14. b4 Ncd7
15. Bb2 Ne5 16. Nxe5 Bxe5 17. Rac1 Rc8 18. Bb1 Bc6 19. f4 Bd6 20. g4 h6 21. g5
hxg5 22. fxg5 Bxb4 23. axb4 Qg3+ 24. Kf1 Bf3 25. gxf6 Bxe2+ 26. Nxe2 Rxc1 27.
Rxc1 Qxe3 28. fxg7 Rd8 29. Bc3 e5 30. Ke1 Qf3 31. Bxe5 Re8 32. Rc5 Qh1+ 33. Kf2
Rxe5 0-1

[Event "Mitropa Cup (Women) 7th"]
[Site "Chur"]
[Date "2010.05.29"]
[Round "1"]
[White "Sedina, Elena"]
[Black "Kopinits, Anna Christina"]
[Result "1-0"]
[WhiteElo "2342"]
[BlackElo "2158"]
[PlyCount "43"]
[EventDate "2010.05.29"]
[EventType "team-tourn"]
[EventRounds "9"]
[EventCountry "SUI"]
[Source "ChessBase"]
[SourceDate "2010.07.02"]
[WhiteTeam "Italy (W)"]
[BlackTeam "Austria (W)"]
[WhiteTeamCountry "ITA"]
[BlackTeamCountry "AUT"]

1. e4 c5 2. Nf3 d6 3. c3 Nf6 4. Be2 Nc6 5. d4 cxd4 6. cxd4 Nxe4 7. d5 Qa5+ 8.
Nc3 Nxc3 9. bxc3 Ne5 10. Nxe5 dxe5 11. Qb3 Bd7 12. O-O b6 13. c4 Rc8 14. Qg3 f6
15. f4 e4 16. f5 Qc5+ 17. Kh1 Qd6 18. Bf4 Qc5 19. Rad1 Rd8 20. Bh5+ g6 21.
Qxg6+ hxg6 22. Bxg6# 1-0